000
00292nam a2200121Ia 4500
005
20251222143217.0
008
251222s9999||||xx |||||||||||||| ||spa||
082
_a
828.82/D73H/1984
100
_a
Dickens, Charles
245
0
_a
Historia de Dos Ciudades
264
_b
Oveja Negra
942
_c
LIB
999
_c
13666
_d
13666